[Event "45th Olympiad 2024"]
[Site "Budapest HUN"]
[Date "2024.09.11"]
[Round "1.68"]
[Board "4"]
[White "Lhundrup M Dorji"]
[Black "Veleshnja, Zino"]
[Result "0-1"]
[WhiteElo "1715"]
[BlackElo "2294"]
[PlyCount "74"]
[EventDate "2024.09.11"]
[WhiteTeam "Bhutan"]
[BlackTeam "Albania"]
[WhiteTeamCountry "BTN"]
[BlackTeamCountry "ALB"]

1. e4 c5 2. Nf3 d6 3. d4 cxd4 4. Nxd4 Nf6 5. Nc3 a6 6. f3 e5 7. Nb3 Be6 8. Be3 h5 9. Qd2 Nbd7 10. O-O-O Be7 11. Kb1 Qc7 12. h3 ({RR} 12. Nd5 Nxd5 13. exd5 Bf5 14. Bd3 Bxd3 15. Qxd3 b5 16. Bd2 O-O 17. Na5 Rac8 18. Rc1 Nb6 19. b3 Bf6 20. c4 bxc4 21. Nxc4 Nxc4 22. Rxc4 Qd7 23. Rhc1 Rxc4 24. Rxc4 Ra8 25. Rc6 a5 26. a4 g6 {½-½ Aronian,L (2765)-Caruana,F (2786) Warsaw Superbet Classic Blitz 2022 (18.1)}) 12... Rd8 $146 ({RR} 12... h4 13. Bd3 b5 14. f4 Nb6 15. Bxb6 Qxb6 16. Rhe1 Bd7 17. fxe5 dxe5 18. Nd5 Nxd5 19. exd5 Qd6 20. Qe2 f6 21. Bg6+ Kd8 22. Na5 Kc7 23. c4 Kb6 24. Nc6 Bxc6 25. dxc6 Qe6 26. Rd7 Rab8 27. cxb5 {0-1 Pavlov,M (2400)-Karjakin,S (2489) Alushta 100 anniv 2002}) ({RR} 12... b5 13. Bg5 Nb6 14. Bxf6 gxf6 15. Nd5 Nxd5 16. exd5 Bd7 17. Na5 h4 18. Bd3 Rb8 19. Nc6 Bxc6 20. dxc6 Qxc6 21. Be4 Qc8 22. Qd3 Rg8 23. Rd2 Rg5 24. Rhd1 f5 25. Bd5 Kf8 26. Qe2 f4 27. Rd3 {0-1 Mouhamad,J (2269)-Neverov,V (2405) Vezerkepzo IM Apr-May 2024 (1.4)}) ({RR} 12... h4 13. f4 b5 14. Qe1 Rc8 15. Bd3 b4 16. Nd5 Bxd5 17. exd5 a5 18. fxe5 Nxe5 19. Bf5 Rb8 20. Bg5 a4 21. Nd4 Nxd5 22. Nf3 Bxg5 23. Rxd5 Bf6 24. Nxe5 Bxe5 25. Bd7+ Qxd7 26. Rxe5+ Kf8 27. Qd2 {0-1 Lanin,A (2222)-Karjakin,S (2489) Moscow Youth Games U14 2002 (5)}) 13. f4 O-O 14. Be2 Nc5 15. Bf3 b5 16. f5 Bxb3 17. cxb3 b4 18. Nd5 Nxd5 19. Qxd5 h4 20. Rc1 a5 21. Rhg1 Rc8 22. g4 Qc6 23. Qd2 a4 24. Qxb4 axb3 25. axb3 Ra8 26. Rc4 Qa6 27. Qc3 Rfb8 28. Bxc5 Qa2+ 29. Kc2 dxc5 30. Bd1 Bg5 31. Rxc5 Qa1 32. Re1 Qc1+ 33. Kd3 Rd8+ 34. Rd5 Qf4 35. Kc2 Rdc8 36. Rc5 Rxc5 37. Qxc5 Qc1+ 0-1

[Event "45th Olympiad 2024"]
[Site "Budapest HUN"]
[Date "2024.09.11"]
[Round "1.69"]
[Board "2"]
[White "Waldhausen Gordon, Frederick"]
[Black "Erfan, Mohamad Firdaus"]
[Result "1-0"]
[WhiteElo "2351"]
[BlackElo "1758"]
[PlyCount "97"]
[EventDate "2024.09.11"]
[WhiteTeam "Scotland"]
[BlackTeam "Qatar"]
[WhiteTeamCountry "SCO"]
[BlackTeamCountry "QAT"]

1. d4 d5 2. c4 dxc4 3. e3 Nf6 4. Bxc4 e6 5. Nf3 a6 6. O-O c5 7. b3 cxd4 8. Nxd4 b5 ({RR} 8... Bd7 9. Bb2 Nc6 10. Nf3 Be7 11. Nbd2 O-O 12. Rc1 Rc8 13. Qe2 Nb4 14. a3 b5 15. axb4 bxc4 16. Nxc4 Bxb4 17. Ra1 Bb5 18. Nd4 Bxc4 19. bxc4 a5 20. Rfc1 Nd7 21. Nb3 Qg5 22. c5 Nxc5 23. Nxa5 {½-½ Giri,A (2771)-Caruana,F (2823) London Classic 8th 2016 (9)}) 9. Be2 e5 $146 ({RR} 9... Bb7 10. a4 b4 {½-½ Hoang,T (2360)-Varga,Z (2540) Budapest FS02 GM 1996 (6)}) ({RR} 9... Bb7 10. Bb2 Bc5 11. Nd2 Nbd7 12. a4 bxa4 13. Rxa4 O-O 14. N2f3 Be7 15. Ra2 Qb6 16. Nd2 Bd5 17. Nc4 Bxc4 18. Bxc4 a5 19. Nf3 Rfd8 20. Qc2 Qc7 21. Rfa1 Nd5 22. Ba3 Nb4 23. Bxb4 Bxb4 24. Ng5 {½-½ Arnav,M (2244)-Md Imran (2133) 5th Tamil Nadu IM 2023 (3.1)}) ({RR} 9... Bb7 10. Bb2 Be7 11. Bf3 Ra7 12. Nc3 O-O 13. Rc1 Qa5 14. a4 b4 15. Nb1 Rd8 16. Bxb7 Rxb7 17. Qf3 Qd5 18. Nd2 Qxf3 19. N2xf3 Ne4 20. Rc4 Nc5 21. Ne5 Rd5 22. Nec6 Nxc6 23. Nxc6 Bf8 24. Nxb4 {½-½ Kiriakov,P (2385)-Mesropov,K (2370) Voskresensk2 1993}) 10. Nf3 Bd6 11. Bb2 Qe7 12. Nbd2 O-O 13. a4 bxa4 14. Nc4 Rd8 15. Nxd6 Rxd6 16. Qe1 e4 17. Ba3 exf3 18. Bxf3 Ra7 19. Qb4 Re6 20. Qxb8 Qc7 21. Qb4 Re8 22. Rac1 Qe5 23. Rc5 Qe6 24. Qb8 Rae7 25. Rc6 Qxb3 26. Qxb3 axb3 27. Bxe7 Bd7 28. Bxf6 Bxc6 29. Bxc6 Re6 30. Bd5 Rxf6 31. Bxb3 g6 32. g3 a5 33. Rc1 Rb6 34. Bd5 Rd6 35. e4 Rd7 36. Rc8+ Kg7 37. Ra8 f5 38. Rxa5 fxe4 39. Bxe4 Kf6 40. Kg2 Rd4 41. Kf3 Rb4 42. h4 Rb6 43. Rc5 h5 44. Rc6+ Rxc6 45. Bxc6 g5 46. hxg5+ Kxg5 47. Ke4 h4 48. gxh4+ Kxh4 49. f4 1-0

[Event "45th Olympiad 2024"]
[Site "Budapest HUN"]
[Date "2024.09.11"]
[Round "1.69"]
[Board "3"]
[White "Al Qassabi, Mohammed"]
[Black "Abdulla, Murad"]
[Result "0-1"]
[WhiteElo "1521"]
[BlackElo "2312"]
[PlyCount "45"]
[EventDate "2024.09.11"]
[WhiteTeam "Qatar"]
[BlackTeam "Scotland"]
[WhiteTeamCountry "QAT"]
[BlackTeamCountry "SCO"]

1. e4 c5 2. Nf3 Nc6 3. d4 cxd4 4. Nxd4 Qb6 5. Nxc6 bxc6 6. Bc4 Nf6 7. Nc3 e5 8. O-O Be7 9. Bb3 ({RR} 9. Rb1 O-O 10. Be3 Qc7 11. f4 exf4 12. Bxf4 d6 13. Qe1 Nd7 14. Nd1 Bf6 15. Ne3 Ne5 16. Qg3 Kh8 17. Bg5 Bxg5 18. Qxg5 Be6 19. Bb3 a5 20. Nf5 Bxf5 21. exf5 h6 22. Qh4 a4 23. Bc4 d5 {0-1 Zunrong Liu,J-Karde,D (1750) Uppsala Open 2023 (6.6)}) 9... O-O 10. Be3 Qa5 $146 ({RR} 10... Qc7 11. f3 Bb7 12. Re1 Rfd8 13. Qd3 d5 14. exd5 cxd5 15. Bf2 e4 16. fxe4 dxe4 17. Qe2 Qc6 18. Bh4 Ba6 19. Ba4 Qb6+ 20. Bf2 Qxb2 21. Qxa6 Qxc3 22. Bb3 Ng4 23. Qe2 Nxf2 24. Bxf7+ Kxf7 25. Qxf2+ {0-1 Uthayakumar,R (1408)-Zhang,H (1839) CAN-ch U12 Windsor 2015 (3.57)}) ({RR} 10... Qc7 11. h3 d6 12. Qf3 a5 13. Rad1 Be6 14. Qe2 Qb7 15. f4 Bxb3 16. axb3 a4 17. fxe5 dxe5 18. Nxa4 Nxe4 19. Qg4 Nf6 20. Qg3 Kh8 21. Qxe5 Rae8 22. Qf5 Qb5 23. Nc3 Qb7 24. Bd4 Rd8 25. Bc5 {0-1 Lama,D (1919)-Akshat,K (2319) The Himalayan op 2010 (1)}) 11. Qd2 Bb4 12. Qd3 Ba6 13. Bc4 Bxc4 14. Qxc4 d5 15. Qe2 d4 16. Bg5 dxc3 17. Bxf6 gxf6 18. Qg4+ Kh8 19. Qf5 Be7 20. Rae1 cxb2 21. Re3 Rg8 22. Rh3 Rg7 23. Rb3 0-1

[Event "45th Olympiad 2024"]
[Site "Budapest HUN"]
[Date "2024.09.11"]
[Round "1.70"]
[Board "1"]
[White "Tran, Thanh Tu"]
[Black "Misambo .J. KIlasa"]
[Result "1-0"]
[WhiteElo "2387"]
[BlackElo "1959"]
[PlyCount "97"]
[EventDate "2024.09.11"]
[WhiteTeam "Japan"]
[BlackTeam "Tanzania"]
[WhiteTeamCountry "JPN"]
[BlackTeamCountry "TAN"]

1. Nf3 Nf6 2. g3 b5 3. Bg2 Bb7 4. d3 e6 5. e4 d6 6. O-O Be7 7. b3 O-O 8. Bb2 Nbd7 ({RR} 8... a5 9. a4 b4 10. Nbd2 Nbd7 11. h3 Nb6 12. Nh2 e5 13. f4 Nfd7 14. Kh1 Bf6 15. f5 d5 16. Ng4 c5 17. Nxf6+ Qxf6 18. Qe2 Rfe8 19. Rf2 Rac8 20. Raf1 c4 21. dxc4 dxc4 22. Bc1 cxb3 23. cxb3 {0-1 Swiatlowski,L (2199)-Vifleemskaia,S (1942) Titled Tue 23rd Apr Late 2024 (10)}) 9. Nbd2 c5 10. Qe2 a6 $146 ({RR} 10... Qc7 11. Nh4 Ne8 12. f4 Bf6 13. Bxf6 Nexf6 14. g4 Ne8 15. Rae1 f6 16. Bh3 Qb6 17. c4 Nc7 18. Bg2 Rae8 19. Rf3 d5 20. Rh3 dxc4 21. dxc4 Rd8 22. Ndf3 bxc4 23. bxc4 Ba6 24. Qc2 Qb4 25. Bf1 {0-1 Tan,T-Nithiananthan,J (2117) Cairnhill op 17th 1999 (1)}) ({RR} 10... Qc7 11. d4 cxd4 12. Nxd4 a6 13. c4 bxc4 14. Nxc4 d5 15. exd5 Bxd5 16. Bxd5 exd5 17. Ne3 Rfe8 18. Rac1 Qb7 19. Rfd1 Bf8 20. Qf3 Re4 21. Ndf5 Ne5 22. Bxe5 Rxe5 23. Rd4 Rc8 24. Rxc8 Qxc8 25. Nh6+ {½-½ Vazquez Escudero,P-Gonzalez Lopez,J Valladolid CC Reloj Justina 15th 1986 (4)}) 11. Nh4 Qb6 12. Kh1 Ne8 13. f4 Bf6 14. e5 Bxh4 15. gxh4 dxe5 16. fxe5 Qc7 17. a4 Rc8 18. axb5 axb5 19. Rf2 Nb6 20. Ne4 Nd5 21. Ra7 Rb8 22. Nd6 b4 23. Rxb7 Rxb7 24. Nxb7 Qxb7 25. Rf1 Qe7 26. Qf2 Nec7 27. d4 cxd4 28. Bxd4 Qd7 29. h5 h6 30. Rg1 Nb5 31. Bc5 Rc8 32. Bf3 Qc7 33. Qg3 f5 34. Bxd5 exd5 35. Be3 d4 36. Bd2 Qb7+ 37. Qg2 Qxg2+ 38. Rxg2 Rxc2 39. e6 Nc7 40. e7 Kf7 41. Kg1 Nd5 42. Rxg7+ Ke8 43. Bxh6 Nxe7 44. Bg5 Nd5 45. h6 Kf8 46. Rd7 Ne3 47. Bxe3 dxe3 48. h7 Ke8 49. Rg7 1-0

[Event "45th Olympiad 2024"]
[Site "Budapest HUN"]
[Date "2024.09.11"]
[Round "1.70"]
[Board "3"]
[White "Kojima, Shinya"]
[Black "Hassuji, Nurdin"]
[Result "1-0"]
[WhiteElo "2299"]
[BlackElo "1847"]
[PlyCount "61"]
[EventDate "2024.09.11"]
[WhiteTeam "Japan"]
[BlackTeam "Tanzania"]
[WhiteTeamCountry "JPN"]
[BlackTeamCountry "TAN"]

1. d4 d5 2. c4 c6 3. Nc3 Nf6 4. e3 e6 5. Nf3 Bd6 6. Qc2 Nbd7 7. Bd3 a6 8. O-O O-O 9. Rd1 ({RR} 9. b3 e5 10. cxd5 cxd5 11. e4 Qc7 12. Nxd5 Nxd5 13. exd5 Qxc2 14. Bxc2 exd4 15. Bb2 Nf6 16. Nxd4 Be5 17. Rad1 Rd8 18. Rfe1 Rxd5 19. Nc6 Rxd1 20. Rxd1 Bf5 21. Nxe5 Bxc2 22. Rd6 Bb1 23. a3 Rc8 {0-1 Wang,Y (2721)-Bu,X (2712) China Mind Team 3rd 2015 (7.7)}) ({RR} 9. e4 dxe4 10. Nxe4 Nxe4 11. Bxe4 Nf6 12. Bg5 h6 13. Bh4 Be7 14. Rad1 Nxe4 15. Qxe4 Bxh4 16. Nxh4 Qg5 17. Nf3 Qf5 18. Qxf5 exf5 19. Rfe1 b5 20. d5 bxc4 21. dxc6 Rb8 22. c7 Rxb2 23. Rd8 c3 {½-½ Sierra,H (1462)-Caicedo Solano,E (1812) Bucaramanga Santander Cup 2022 (6)}) 9... Re8 $146 ({RR} 9... Qe7 10. e4 dxc4 11. Bxc4 e5 12. a3 exd4 13. Nxd4 Ne5 14. Bf1 Bc5 15. Bg5 Neg4 16. Qd2 Be6 17. Qf4 h6 18. Bxf6 Nxf6 19. Nf5 Bxf5 20. Qxf5 Bd6 21. Re1 Be5 22. Rac1 Rad8 23. Rc2 g6 24. Qf3 {0-1 Lobo,R (2270)-Kaidanov,G (2555) Reno op 1992 (2)}) ({RR} 9... Qe7 10. e4 dxc4 11. Bxc4 b5 12. Bf1 e5 13. Bg5 exd4 14. Rxd4 Ne5 15. Rad1 Nxf3+ 16. gxf3 Be5 17. R4d3 Qc7 18. f4 Bxf4 19. Bxf4 Qxf4 20. Ne2 Qh4 21. Qxc6 Ng4 22. Bg2 Qxf2+ 23. Kh1 Qh4 24. Kg1 {0-1 Musialkiewicz,P (1908)-Duda,J (2197) POL-ch U16 Karpacz 2010 (1)}) 10. e4 dxe4 11. Nxe4 Nxe4 12. Bxe4 Nf6 13. Bg5 h6 14. Bh4 g5 15. Bg3 Nxe4 16. Qxe4 f5 17. Qc2 Bxg3 18. hxg3 Qf6 19. c5 Bd7 20. Qb3 Rab8 21. Ne5 Re7 22. a4 Kg7 23. a5 Be8 24. Ra4 Rc7 25. Rb4 Bf7 26. Rb6 Qd8 27. Rd3 Qd5 28. Qxd5 exd5 29. Rdb3 Be8 30. Rxa6 Kf6 31. Ra7 1-0

[Event "45th Olympiad 2024"]
[Site "Budapest HUN"]
[Date "2024.09.11"]
[Round "1.71"]
[Board "1"]
[White "Murphy, Jones"]
[Black "Zhakshylykov, Erzhan"]
[Result "0-1"]
[WhiteElo "2021"]
[BlackElo "2327"]
[PlyCount "66"]
[EventDate "2024.09.11"]
[WhiteTeam "Dominica"]
[BlackTeam "Kyrgyzstan"]
[BlackTeamCountry "KGZ"]

1. e4 e5 2. Nf3 Nc6 3. Bc4 Bc5 4. c3 Nf6 5. d4 exd4 6. cxd4 Bb4+ 7. Nc3 Nxe4 8. O-O Bxc3 9. d5 Bf6 10. Re1 Ne7 11. Rxe4 d6 12. Bg5 Bxg5 13. Nxg5 h6 14. Qe2 hxg5 15. Re1 Be6 16. dxe6 f6 17. Re3 c6 18. Rh3 Rxh3 19. gxh3 g6 20. b4 ({RR} 20. Qd2 Kf8 21. h4 gxh4 22. Qh6+ Kg8 23. Bd3 Qf8 24. Qxh4 Qg7 25. Qb4 Nf5 26. Bxf5 gxf5+ 27. Kf1 Rd8 28. e7 Re8 29. Qxd6 Qg4 30. Qe6+ Kg7 31. Re3 Qd1+ 32. Kg2 Qd5+ 33. Qxd5 cxd5 34. Kf3 Kf7 {½-½ Korkmaz,N (2013)-Tarasova,V (2226) Titled Tue 19th Dec Early 2023 (4)}) 20... Kf8 21. Qb2 ({RR} 21. h4 gxh4 22. Qg4 Kg7 23. Qxh4 d5 24. Bd3 Qd6 25. f4 Qxb4 26. Qg3 Rh8 27. Rb1 Qd4+ 28. Kh1 b6 29. Rg1 Rh6 30. Re1 c5 31. Re2 Qa1+ 32. Kg2 Qd1 33. f5 Rh5 34. h4 Rxh4 35. Qxh4 Qxd3 {0-1 Felgaer,R (2561)-Lafuente,P (2524) Asuncion zt 2.5 2009 (8)}) 21... Kg7 22. Re3 Qb6 $146 ({RR} 22... Qc7 23. Rf3 Rf8 24. Qd4 c5 25. bxc5 dxc5 26. Qb2 b6 27. Rd3 Rd8 28. Qb5 Rxd3 29. Bxd3 Qc6 30. Qb3 Qd6 31. Bc4 Kf8 32. Qf3 Kg7 33. Qb3 Qc7 34. Qd1 Kf8 35. Qf3 Nf5 36. Qa8+ Ke7 37. Qg8 {½-½ Hoiberg,N (2230)-Ochsner,T (2275) Aarhus-A 1993 (4)}) ({RR} 22... d5 23. Rf3 Nf5 24. Bd3 Nh4 25. Re3 Qd6 26. Qd4 b6 27. Qg4 Re8 28. Bc2 d4 29. Ra3 a5 30. Bb3 Qxb4 {0-1 Kosztolanczi,G (2192)-Hajnal,Z (2403) Zalakaros op 21st 2002 (2)}) 23. Rg3 d5 24. Bd3 c5 25. Rg4 c4 26. Bf1 Rc8 27. Qc3 Nf5 28. e7 Qe6 29. h4 Qe5 30. Qh3 Qxe7 31. hxg5 fxg5 32. Qg2 c3 33. Qxd5 c2 0-1

[Event "45th Olympiad 2024"]
[Site "Budapest HUN"]
[Date "2024.09.11"]
[Round "1.71"]
[Board "3"]
[White "Thomas, Larry"]
[Black "Orozbaev, Eldiyar"]
[Result "0-1"]
[WhiteElo "1686"]
[BlackElo "2376"]
[PlyCount "72"]
[EventDate "2024.09.11"]
[WhiteTeam "Dominica"]
[BlackTeam "Kyrgyzstan"]
[BlackTeamCountry "KGZ"]

1. c4 e6 2. Nf3 d5 3. cxd5 exd5 4. d4 c6 5. Nc3 Bd6 6. g3 Nf6 7. Bg2 O-O 8. O-O Re8 9. Bg5 Nbd7 10. Re1 h6 11. Bc1 $146 ({RR} 11. Bxf6 Nxf6 12. Qd3 Ne4 13. Nd2 Nxd2 14. Qxd2 Bf5 15. e4 dxe4 16. Bxe4 Bg4 17. Bg2 Qa5 18. a3 Rad8 19. b4 Rxe1+ 20. Qxe1 Qf5 21. Rc1 a5 22. Ne4 Bf8 23. Nc5 b6 24. Nb7 Rxd4 25. Qe3 Qd7 {½-½ Pauk,P (1847)-Karcher,P (1877) Verbandsliga Sued Baden 0708 2007 (4.8)}) ({RR} 11. Bf4 Bxf4 12. gxf4 Nf8 13. Ne5 Ng4 14. e3 Qh4 15. Nxg4 Bxg4 16. f3 Bh3 17. Qd2 Re7 18. Bxh3 Qxh3 19. Qg2 Qxg2+ 20. Kxg2 Rae8 21. Kf2 Ne6 22. b4 Nc7 23. a4 Rc8 24. b5 Ne8 25. bxc6 bxc6 {1-0 Shinkarev,M (2121)-Kucza,K (2328) Titled Tue 6th Feb Early 2024 (9)}) ({RR} 11. Bxf6 Nxf6 12. e3 Bg4 13. Qc2 Qd7 14. e4 dxe4 15. Nxe4 Nxe4 16. Rxe4 Rxe4 17. Qxe4 Bf5 18. Qe3 Re8 19. Qd2 Bc7 20. Rd1 Rd8 21. a4 Be6 22. Qb4 Bd6 23. Qc3 Qc7 24. a5 a6 25. Rc1 Qe7 {0-1 Langensteiner,M-Klovans,J (2445) Regensburg op 1997 (1)}) 11... b5 12. a3 a5 13. Qc2 Bb7 14. Nd2 Qb6 15. e3 c5 16. dxc5 Nxc5 17. Nf3 Rac8 18. Qd1 Nce4 19. Nxe4 dxe4 20. Nd4 Be5 21. Bf1 Red8 22. Qb3 Rd5 23. Nf5 Qc5 24. Be2 a4 25. Qb4 Qxb4 26. axb4 Kf8 27. Rd1 a3 28. Nd4 Bxd4 29. exd4 Rc2 30. Kf1 axb2 31. Bxb2 Rxb2 32. Ra7 Rd7 33. Bxb5 e3 34. Rda1 Ng4 35. Bxd7 Nxh2+ 36. Kg1 exf2+ 0-1

[Event "45th Olympiad 2024"]
[Site "Budapest HUN"]
[Date "2024.09.11"]
[Round "1.72"]
[Board "1"]
[White "Saraci, Nderim"]
[Black "Sihlongonyane, Sikhanyiso"]
[Result "1-0"]
[WhiteElo "2446"]
[BlackElo "1813"]
[PlyCount "65"]
[EventDate "2024.09.11"]
[WhiteTeam "Kosovo"]
[BlackTeam "Eswatini"]
[WhiteTeamCountry "KOS"]

1. d4 Nf6 2. Nf3 d5 3. Bf4 e6 4. e3 Bd6 5. Nbd2 Bxf4 6. exf4 O-O 7. c3 Qd6 8. g3 c5 9. dxc5 Qxc5 10. Bd3 b5 11. a3 Bb7 12. O-O Nc6 13. Nb3 Qb6 14. Qe2 a6 15. Rfe1 Na5 $146 ({RR} 15... Rfe8 16. Rad1 Rab8 17. Ne5 Ba8 18. g4 Nxe5 19. fxe5 Nd7 20. Nd4 Nc5 21. g5 Bc6 22. Qh5 g6 23. Qh6 a5 24. Re3 b4 25. Rh3 bxc3 26. Bxg6 {1-0 Michaelides,K (2297)-Muhammed,S (2052) 45th Olympiad 2024 (4.64)}) 16. Nbd4 Nc4 17. Ne5 Rfe8 18. h4 Rac8 19. f3 Rc7 20. Qf2 Qc5 21. Re2 g6 22. Rae1 Rec8 23. g4 a5 24. h5 b4 25. hxg6 hxg6 26. axb4 axb4 27. Bxc4 dxc4 28. Qh4 Nd5 29. Rh2 Kf8 30. Nd7+ Rxd7 31. Qh8+ Ke7 32. Rxe6+ fxe6 33. Rh7+ 1-0

[Event "45th Olympiad 2024"]
[Site "Budapest HUN"]
[Date "2024.09.11"]
[Round "1.72"]
[Board "4"]
[White "Mtsetfwa Philani"]
[Black "Asllani, Muhamet"]
[Result "0-1"]
[WhiteElo "1688"]
[BlackElo "2191"]
[PlyCount "68"]
[EventDate "2024.09.11"]
[WhiteTeam "Eswatini"]
[BlackTeam "Kosovo"]
[BlackTeamCountry "KOS"]

1. e4 {Negi,Parimarjan} e5 2. Nf3 Nc6 3. Bb5 Nf6 4. d3 Bc5 5. O-O ({RR} 5. c3 O-O 6. O-O d6 7. Nbd2 ({RR} 7. Bxc6) 7... a6 ({RR} 7... Ne7 8. d4 exd4 9. cxd4 Bb6) 8. Bxc6 bxc6 9. Re1 Re8 10. h3 Bb6 11. Nf1 h6 12. Ng3 Be6 ({RR} 12... d5 13. Qc2 dxe4 14. dxe4 Nd7 15. Be3 Nc5 16. c4 a5 17. b3) 13. Be3 Bxe3 14. Rxe3 c5 15. Qc2 Nd7 16. d4 cxd4 17. cxd4 exd4 18. Nxd4 a5 19. b3 Nc5) 5... d6 ({RR} 5... O-O 6. Bxc6 bxc6 7. Nxe5) ({RR} 5... Nd4 6. Nxd4 Bxd4 7. c3 Bb6 8. Na3 c6 9. Ba4 O-O 10. Bg5 h6 11. Bh4 d5 12. exd5 cxd5 13. Bb3 g5 14. Bg3 Re8 15. Re1 Bc7 16. Nc2) 6. Re1 O-O 7. c3 ({RR} 7. Bxc6 bxc6 8. h3 ({RR} 8. Nbd2) 8... Re8 9. Nbd2 Nd7 ({RR} 9... h6 10. a4 ({RR} 10. Nf1 d5 11. Qe2 ({RR} 11. exd5 Qxd5 12. Be3 Bf8 13. Bd2 e4 14. dxe4 Nxe4 15. Ng3 Bb7 16. Bf4 Nd6 17. b3 c5) 11... dxe4 12. dxe4 a5 13. Rd1 Ba6 14. Qe1 Qb8 15. Ng3 Qb4 16. b3 Qxe1+ 17. Rxe1 Bb4 18. Rd1 Bc3 19. Rb1 c5 20. Bd2 Bxd2 21. Nxd2 g6 22. f3 Red8 23. Ndf1) 10... a5 ({RR} 10... Be6 11. Nf1) 11. Nc4 Be6 ({RR} 11... d5 12. exd5 e4 13. dxe4 Rxe4 14. Rxe4 Nxe4 15. Be3 cxd5 16. Bxc5 Nxc5 17. Ne3) 12. Be3 Bxc4 13. Bxc5 Be6 ({RR} 13... dxc5 14. dxc4) 14. Be3) ({RR} 9... Nh5) 10. Nc4 Bb6 ({RR} 10... a6 11. Na5) ({RR} 10... a5 11. Bd2 a4 12. Na5) 11. a4 a5 12. Nxb6 cxb6 ({RR} 12... Nxb6 13. b3 ({RR} 13. d4 exd4 14. Nxd4 c5) 13... f5 ({RR} 13... c5 14. Bd2 Nd7)) 13. d4 Qc7 ({RR} 13... Qe7 14. Ra3 Nf8 15. Rb3 Rb8 16. Be3) ({RR} 13... f6 14. Ra3 Nf8 15. dxe5 ({RR} 15. Nh4 exd4) 15... dxe5 16. Rd3 Qc7 17. Nh4 Ne6) 14. Ra3 Nf8 ({RR} 14... c5 15. d5) ({RR} 14... Bb7 15. dxe5 dxe5 16. Nh4) ({RR} 14... exd4 15. Nxd4) 15. dxe5 dxe5 16. Nh4 Rd8 ({RR} 16... Ng6 17. Nf5) 17. Qh5 f6 ({RR} 17... Ng6 18. Nf5) 18. Nf5 Be6 ({RR} 18... Ne6 19. Rg3 Kh8) 19. Rg3 Ng6 20. h4 ({RR} 20. Bh6 gxh6 21. Rxg6+ hxg6 22. Qxg6+ Kf8 23. Qxf6+ Qf7 24. Qxh6+ Ke8) 20... Bxf5 ({RR} 20... Rd7 21. Bh6 gxh6 22. Qxh6) 21. exf5 Nf4 {1-0 Carlsen,M (2863)-Anand,V (2792) World-ch Carlsen-Anand +3-1=7 2014 (2)}) 7... a6 $146 ({RR} 7... Bb6 8. d4 exd4 9. cxd4 d5 10. e5 Ne4 11. Nc3 Nxc3 12. bxc3 Bg4 13. h3 Bh5 14. Qd3 Bg6 15. Qd2 Ne7 16. Ba3 c6 17. Bd3 Re8 18. e6 fxe6 19. Rxe6 Bf7 20. Re2 Ng6 21. Rae1 Qf6 22. Ng5 {1-0 Zeliantsova,K (2114)-Nasyrova,E (2271) RUS-BLR U16 Online Battle 01 blitz 2020}) 8. Ba4 b5 9. Bc2 Ng4 10. Re2 f5 11. d4 Bb6 12. dxe5 dxe5 13. Qd5+ Qxd5 14. exd5 Na5 15. h3 e4 16. Ne1 Nf6 17. a4 Bb7 18. Na3 Bxd5 19. Be3 Bxe3 20. fxe3 Nc4 21. Nxc4 bxc4 22. Bd1 Rfb8 23. Ra2 Rb6 24. Nc2 c5 25. Rd2 Be6 26. Be2 Nd7 27. a5 Rc6 28. Rxd7 Bxd7 29. Bxc4+ Be6 30. Bxe6+ Rxe6 31. Na3 Rd8 32. Nc4 Rd1+ 33. Kf2 Rc1 34. Nb6 Rc2+ 0-1

[Event "45th Olympiad 2024"]
[Site "Budapest HUN"]
[Date "2024.09.11"]
[Round "1.73"]
[Board "4"]
[White "Halynyazov, Vepaly"]
[Black "Whyms, Chapell"]
[Result "1-0"]
[WhiteElo "2049"]
[BlackElo "1701"]
[PlyCount "89"]
[EventDate "2024.09.11"]
[WhiteTeam "Turkmenistan"]
[BlackTeam "Bahamas"]
[WhiteTeamCountry "TKM"]
[BlackTeamCountry "BAH"]

1. d4 Nf6 2. c4 g6 3. Nc3 Bg7 4. e4 d6 5. h3 O-O 6. Bg5 c5 7. d5 e6 8. Nf3 exd5 9. cxd5 h6 10. Be3 Re8 ({RR} 10... b5 11. Bxb5 Nxe4 12. Nxe4 Qa5+ 13. Nfd2 Qxb5 14. Nxd6 Qxb2 15. Rc1 Qxa2 16. N2c4 Ba6 17. O-O Nd7 18. Re1 Rad8 19. Re2 Bxc4 20. Rxa2 Bxa2 21. Nb7 Rb8 22. Na5 Nb6 23. Nc6 Rb7 24. Bxc5 Re8 25. Nb4 {1-0 Wei Yi (2722)-Yakubboev,N (2630) Chessable Play-In Match 2023 (1.2)}) ({RR} 10... a6 11. a4 Re8 12. Bd3 Nbd7 13. O-O Nh5 14. Qd2 Kh7 15. g4 Nhf6 16. Bf4 Ne5 17. Nxe5 dxe5 18. Be3 h5 19. f3 Nd7 20. Kg2 Rb8 21. Rg1 Qc7 22. gxh5 gxh5 23. Kh2 Nf6 24. Rxg7+ Kxg7 25. Bh6+ {0-1 Bielinski,D (2153)-Palencia,W (2180) Titled Tue 27th Feb Early 2024 (9)}) 11. Bd3 b5 12. Bxb5 Nbd7 $146 ({RR} 12... Nxe4 13. Bxe8 Nxc3 14. bxc3 Bxc3+ 15. Kf1 Bxa1 16. Qxa1 Ba6+ 17. Kg1 g5 18. Ba4 Nd7 19. Bxd7 Qxd7 20. Qf6 {1-0 Dearing,E (2408)-Dignam,M (2149) Coventry op 2005 (3)}) 13. Bd3 c4 14. Bc2 Rb8 15. Rb1 Qa5 16. O-O Nc5 17. Qd2 Kh7 18. Rfe1 Bd7 19. Bd4 Re7 20. Qf4 Ne8 21. e5 dxe5 22. Bxe5 Bxe5 23. Rxe5 Qc7 24. Bxg6+ Kg7 25. Bc2 Nd3 26. Bxd3 cxd3 27. Qg3+ Kf8 28. Rxe7 Qxg3 29. Rxe8+ Kxe8 30. fxg3 Bf5 31. Nd4 Bg6 32. Nc6 d2 33. Nxb8 Bxb1 34. Kf2 Bd3 35. Ke3 Bf1 36. Kxd2 Bxg2 37. h4 h5 38. Ke3 Ke7 39. Kd4 Bf1 40. Kc5 a6 41. d6+ Kd8 42. d7 Bg2 43. Kd6 Bb7 44. Ne2 a5 45. Nd4 1-0

[Event "45th Olympiad 2024"]
[Site "Budapest HUN"]
[Date "2024.09.11"]
[Round "1.75"]
[Board "1"]
[White "Kudakwashe Chinake"]
[Black "Al Hosani, Omran"]
[Result "1-0"]
[WhiteElo "1859"]
[BlackElo "2241"]
[PlyCount "85"]
[EventDate "2024.09.11"]
[WhiteTeam "Cayman Islands"]
[BlackTeam "United Arab Emirates"]
[WhiteTeamCountry "CAY"]
[BlackTeamCountry "UAE"]

1. d4 Nf6 2. Nc3 d5 3. Bf4 a6 4. e3 h6 5. h3 ({RR} 5. Nf3 e6 6. a3 c5 7. dxc5 Bxc5 8. Bd3 b6 9. e4 Bb7 10. e5 Nfd7 11. O-O g5 12. Bg3 Nc6 13. Re1 g4 14. Nh4 Qg5 15. Nxd5 exd5 16. e6 Nf6 17. b4 Bd4 18. exf7+ Kxf7 19. Nf5 Bxa1 {1-0 Bortnyk,O (2608)-Nakamura,H (2802) Titled Tue 23rd Jul Late 2024 (6)}) 5... e6 6. Nf3 $146 ({RR} 6. a3 Bd6 7. Nf3 c5 8. Bxd6 Qxd6 9. Ne5 Nc6 10. f4 g5 11. g3 Ne7 12. Qf3 Nd7 13. Be2 Nf5 14. O-O-O Nxe5 15. fxe5 Qe7 16. Na4 cxd4 17. exd4 Rb8 18. Qf2 b6 19. Bd3 Ng7 20. g4 Bd7 {1-0 Moskalets,S (1722)-Goudriaan,R (1992) Dutch Youth U18 2023 (3.6)}) ({RR} 6. a3 c5 7. Nf3 Nc6 8. Be2 Bd6 9. Bxd6 Qxd6 10. O-O O-O 11. Na4 Nd7 12. dxc5 Nxc5 13. Nb6 Rb8 14. c4 Rd8 15. b4 Ne4 16. c5 Qe7 17. Qb3 Bd7 18. Rfd1 Be8 19. Rac1 Qf6 20. Bd3 Ng5 {1-0 Stoinev,M (2174)-Kesidis,O (2233) 2nd SKG White Tower Open 2023 (6.3)}) 6... c5 7. Be2 Be7 8. O-O O-O 9. Ne5 b5 10. a3 Bb7 11. Bf3 Nc6 12. Ne2 Qb6 13. c3 c4 14. Qc2 a5 15. g4 Nxe5 16. Bxe5 Nd7 17. Bg2 b4 18. Bg3 Bd6 19. f4 bxa3 20. bxa3 Qc7 21. Bh4 f5 22. Bf3 g6 23. Kh1 Kh7 24. Rg1 Nf6 25. gxf5 gxf5 26. Ng3 Kh8 27. Bxf6+ Rxf6 28. Nh5 Rf7 29. Rg6 Rg8 30. Qg2 Qd8 31. Rg1 Rxg6 32. Qxg6 Qf8 33. Qxe6 Bc8 34. Qg6 Bb7 35. a4 Bc6 36. Qe6 Bd7 37. Qxd5 Qe7 38. Rg6 Qxe3 39. Rxh6+ Kg8 40. Rg6+ Kh8 41. Rxd6 Qe1+ 42. Kh2 Qf2+ 43. Bg2 1-0